000 003720000a22001690004500
005 20120302062320.0
942 _cBOOK
100 _a Panse,Pa.Ba.
245 _a Aadhunik Shikshan
260 _aPune:De.Sri.Joshi,1953.
300 _a414p.
040 _aMAR
650 _aShikshanshaastra
650 _aAadhunik Shikshan
650 _aShikshan
650 _aAdhyaapan
999 _c356368
_d356365